| 000 | 01077nam a2200301 a 4500 | ||
|---|---|---|---|
| 003 | BLK | ||
| 005 | 20250217104343.0 | ||
| 008 | 180408b bul|||||r ||||||| ||bul|| | ||
| 010 | _aKNG00095013000 | ||
| 020 | _a9786190206286 | ||
| 040 | _aBLK | ||
| 041 |
_aBUL _cBUL |
||
| 080 |
_aБългарска литература _b821.163.2 _x-32 _z821.163.2-32 |
||
| 100 | 1 |
_aВазов, Иван Минчов _9363396 |
|
| 245 | 1 | 0 |
_aСофийски разкази _cИван Минчов Вазов ; състав. и предг. Милена Кирова |
| 257 | _aBGR | ||
| 260 |
_aСофия _bКолибри _c2020 _9209486 _n978-619-02- ; 978-619-150- ; 978-954-150- ; 978-954-529- |
||
| 300 |
_a357 с. _c20 см |
||
| 380 | _aX | ||
| 504 | _a303 | ||
| 700 |
_aКирова, Милена _eсъстав. _91478 |
||
| 852 |
_bП _c821.163.2-32/В 15 И |
||
| 856 | 4 | _qpdf | |
| 856 | 4 | _qpdf | |
| 942 |
_cKNG _n0 _s1 _07 |
||
| 944 |
_aED _c2024-07-10 _k30530 _lМинев Младен |
||
| 999 |
_c392584 _d392584 |
||